000 00602nam a2200169 i 4500
001 91079
003 ES-MaACL
005 20230906180631.0
007 t|
008 050127s1969 sp ||||1| spa d
100 1 _aLeón Tello, Pilar.
_971646
245 1 0 _aMapas, planos y dibujos de la Sección de Estado del Archivo Histórico Nacional /
_cPilar León Tello.
260 _aMadrid :
_bDirección General de Archivos y Bibliotecas,
_c1969.
300 _a205 p., 19 lám. ;
_c24 cm.
710 1 _aEspaña.
_bDirección General de Archivos y Bibliotecas.
_93701
852 _aES-MaACL
_jC-38012
_bR.73652
999 _c91079
_d91079